[Event "Nordrhein-Westfalen-Niedersachsen"]
[Site "Wismar"]
[Date "2009.10.03"]
[Round "6.1"]
[White "Lubbe, Nikolas"]
[Black "Savchenko, Aleksij"]
[Result "1-0"]
[WhiteElo "2330"]
[BlackElo "2246"]
[PlyCount "159"]
[EventDate "2009.??.??"]

1. e4 c5 2. Nf3 d6 3. d4 cxd4 4. Nxd4 Nf6 5. Nc3 a6 6. Be3 e5 7. Nf3 h6 8. Bc4
Be7 9. O-O O-O 10. Qe2 Be6 11. Rfd1 Nc6 12. Bb3 Qc7 13. Nh4 Na5 14. Nf5 Nxb3
15. Nxe7+ Qxe7 16. axb3 Rfd8 17. Bb6 Rdc8 18. Rd2 Rc6 19. Be3 Ng4 20. f3 Nxe3
21. Qxe3 Rac8 22. Qf2 Qc7 23. g3 b5 24. b4 Rc4 25. Rxa6 Rxb4 26. Nd1 Rc4 27. c3
Rc6 28. Rxc6 Qxc6 29. Ne3 Rb8 30. Nc2 f5 31. Nb4 Qd7 32. Na6 Rc8 33. Qb6 Rc6
34. Qb8+ Kh7 35. Nb4 Rc7 36. Qb6 Qf7 37. Rxd6 Bc4 38. Qf2 Qf8 39. Rc6 Rf7 40.
exf5 Rxf5 41. Kg2 Bb3 42. Qe2 Kh8 43. Ra6 Qd8 44. Ra1 Rf6 45. g4 Bc4 46. Qe3 h5
47. h3 Rd6 48. Re1 Rd2+ 49. Kg1 Rxb2 50. Qxe5 Bf7 51. Re2 Qd1+ 52. Kf2 Rb1 53.
Kg3 Qd8 54. Nc6 h4+ 55. Kf4 Qd3 56. Nd4 Qxc3 57. Rc2 Qd3 58. Nf5 Rb4+ 59. Kg5
Qd8+ 60. Ne7 Rc4 61. Re2 Rc6 62. Kxh4 Re6 63. Qg5 Qb6 64. Nf5 Rg6 65. Qe7 Bc4
66. Rd2 Qf6+ 67. Qxf6 Rxf6 68. Rd8+ Kh7 69. Rb8 Bd3 70. Kg5 Rf7 71. f4 Rd7 72.
Nh4 g6 73. Rb6 Rd5+ 74. Kf6 Rd7 75. Nf3 Bc4 76. Ne5 Rc7 77. Nxg6 Rf7+ 78. Kg5
Kg7 79. f5 Bd3 80. Ne5 1-0

[Event "Nordrhein-Westfalen-Niedersachsen"]
[Site "Wismar"]
[Date "2009.10.03"]
[Round "6.2"]
[White "Kelbling, Philipp"]
[Black "Guennigmann, Manuel"]
[Result "0-1"]
[WhiteElo "2116"]
[BlackElo "2158"]
[PlyCount "142"]
[EventDate "2009.??.??"]

1. Nf3 Nf6 2. g3 g6 3. b3 Bg7 4. Bb2 O-O 5. Bg2 d5 6. c4 c6 7. O-O Nbd7 8. d3
Re8 9. Nbd2 e5 10. cxd5 cxd5 11. e4 d4 12. Nc4 Bf8 13. a4 Qc7 14. Ba3 Bxa3 15.
Nxa3 Nb8 16. b4 Bg4 17. Qb3 Qe7 18. Nd2 Nc6 19. Rab1 Be6 20. Ndc4 Nd7 21. a5 f6
22. Rfc1 Rec8 23. Qa4 Nd8 24. Bf3 Nf7 25. Bd1 f5 26. Nd2 Nf6 27. Bf3 Ng5 28.
Bg2 fxe4 29. Nxe4 Nfxe4 30. dxe4 Nh3+ 31. Bxh3 Bxh3 32. Qb3+ Be6 33. Qd3 Rxc1+
34. Rxc1 Qxb4 35. a6 bxa6 36. Qxa6 Qb6 37. Qa4 Qb7 38. Rc6 Bf7 39. f3 Rd8 40.
Qa5 Qxc6 41. Qxd8+ Kg7 42. Qe7 Qf6 43. Qxf6+ Kxf6 44. Kf2 g5 45. Ke2 a6 46. Kd3
Be8 47. f4 gxf4 48. gxf4 exf4 49. Kxd4 Bb5 50. Nb1 f3 51. Ke3 Be2 52. Nc3 Ke5
53. Na4 a5 54. Nc3 Kd6 55. Na4 Kc6 56. Nc3 Kc5 57. Nb1 Kb4 58. Kd2 a4 59. Ke3
a3 60. Nxa3 Kxa3 61. e5 Kb4 62. e6 Kc5 63. e7 Bb5 64. Kxf3 Kd6 65. Kf4 Kxe7 66.
Kg5 Kf7 67. Kf5 h6 68. Kf4 Kg6 69. Kg4 Bd7+ 70. Kh4 Bc8 71. Kg3 Kg5 0-1

[Event "Nordrhein-Westfalen-Niedersachsen"]
[Site "Wismar"]
[Date "2009.10.03"]
[Round "6.3"]
[White "Bradler, Stephan"]
[Black "Kartsev, Alexandr"]
[Result "1/2-1/2"]
[WhiteElo "2125"]
[BlackElo "2056"]
[PlyCount "75"]
[EventDate "2009.??.??"]

1. e4 c5 2. Nf3 Nc6 3. d4 cxd4 4. Nxd4 e5 5. Nf5 d5 6. Qxd5 Qxd5 7. exd5 Bxf5
8. dxc6 bxc6 9. Bd3 Bxd3 10. cxd3 Ne7 11. Be3 Nd5 12. Ke2 Bb4 13. Nd2 Kd7 14.
Nc4 f6 15. Rhd1 Rhe8 16. Rac1 Rab8 17. a3 Nxe3 18. fxe3 Bc5 19. Rc2 Bb6 20.
Rdc1 Rbc8 21. Rc3 Re6 22. Rb3 Rb8 23. Rcc3 Ree8 24. Rb4 Bc7 25. Rcb3 Rxb4 26.
Rxb4 Rb8 27. Rxb8 Bxb8 28. e4 Bc7 29. Kf3 Ke6 30. g4 g6 31. h3 Bd8 32. a4 Be7
33. b3 Bc5 34. Kg2 Bb4 35. Kf2 Bc5+ 36. Kg2 Bb4 37. Kf2 Bc5+ 38. Kg2 1/2-1/2

[Event "Nordrhein-Westfalen-Niedersachsen"]
[Site "Wismar"]
[Date "2009.10.03"]
[Round "6.4"]
[White "Bluebaum, Johanna"]
[Black "Kyas, Philipp"]
[Result "1-0"]
[WhiteElo "2024"]
[BlackElo "1953"]
[PlyCount "83"]
[EventDate "2009.??.??"]

1. d4 Nf6 2. c4 g6 3. Nc3 Bg7 4. e4 d6 5. Nf3 O-O 6. Be2 e5 7. Be3 Na6 8. O-O
c6 9. d5 Ng4 10. Bg5 f6 11. Bh4 c5 12. Ne1 Nh6 13. f3 Nf7 14. Nd3 Qe8 15. Rb1
f5 16. b4 b6 17. bxc5 Nxc5 18. Nxc5 bxc5 19. Nb5 g5 20. Be1 Qd8 21. Qa4 g4 22.
Qa5 Qg5 23. Nc7 h5 24. Nxa8 f4 25. Nc7 g3 26. Ne6 Bxe6 27. dxe6 Nd8 28. Qxa7
Nxe6 29. Rb7 Qh4 30. h3 Bf6 31. Bd1 Ng5 32. Rb2 Nxh3+ 33. gxh3 Qxh3 34. Qc7 Rd8
35. Ba4 Kh8 36. Bc6 Rg8 37. Rg2 Rd8 38. Qf7 Bg5 39. Ba5 Rg8 40. Qd7 Qh4 41.
Qxd6 Be7 42. Qh6# 1-0

[Event "Nordrhein-Westfalen-Niedersachsen"]
[Site "Wismar"]
[Date "2009.10.03"]
[Round "6.5"]
[White "Dorn, Carina"]
[Black "Pauly, Carlo"]
[Result "0-1"]
[WhiteElo "1856"]
[BlackElo "2032"]
[PlyCount "104"]
[EventDate "2009.??.??"]

1. d4 Nf6 2. c4 c5 3. d5 e5 4. Nc3 d6 5. e4 Be7 6. Nf3 O-O 7. Be2 Nbd7 8. Bd2
Ne8 9. Qc2 a6 10. a3 Rb8 11. O-O g6 12. b4 f5 13. Ne1 Bg5 14. f4 exf4 15. exf5
Ne5 16. fxg6 hxg6 17. Ne4 Bh6 18. bxc5 dxc5 19. Bc3 Bg7 20. Nf3 Ng4 21. Bxg7
Nxg7 22. Neg5 Ne3 23. Qxg6 Bf5 24. Qh6 Nxf1 25. Rxf1 Qf6 26. Qxf6 Rxf6 27. Ne5
Re8 28. Ngf3 b6 29. Rd1 Kf8 30. Bd3 Ke7 31. Nc6+ Kd6 32. Ng5 Bxd3 33. Rxd3 Rf5
34. h4 Re3 35. Rd2 Nh5 36. Rb2 Ng3 37. Nf3 Rxa3 38. Kh2 Nf1+ 39. Kh3 Ne3 40.
Rxb6 Nxc4 41. Rb7 Rxd5 42. Nd8 Ne5 43. Nf7+ Kc6 44. Ra7 Nxf7 45. Rxf7 c4 46.
Kg4 c3 47. Rf8 Kb5 48. Rc8 Rc5 49. Rb8+ Kc4 50. Kxf4 c2 51. Nd2+ Kd3 52. Rd8+
Ke2 0-1

[Event "Nordrhein-Westfalen-Niedersachsen"]
[Site "Wismar"]
[Date "2009.10.03"]
[Round "6.6"]
[White "Karmann, Anna"]
[Black "Duessler, Stefanie"]
[Result "1-0"]
[WhiteElo "1927"]
[BlackElo "1741"]
[PlyCount "61"]
[EventDate "2009.??.??"]

1. d4 d5 2. Nf3 Nf6 3. e3 e6 4. Be2 Be7 5. Nbd2 c5 6. O-O Nc6 7. dxc5 Bxc5 8.
c4 O-O 9. cxd5 Nxd5 10. Nc4 Qe7 11. a3 Rd8 12. Qc2 Nb6 13. b4 Nxc4 14. Bxc4 Bd6
15. Bb2 a6 16. Rfd1 b5 17. Bxb5 axb5 18. Qxc6 Rb8 19. Qe4 Bb7 20. Qg4 f6 21.
Nd4 Be5 22. f4 Bxd4 23. Rxd4 Rxd4 24. Bxd4 Bd5 25. Bc5 Qd7 26. Rd1 Qe8 27. Rd4
Ra8 28. e4 Bxe4 29. Qh3 Bd5 30. Qd3 Qg6 31. Rxd5 1-0

[Event "Nordrhein-Westfalen-Niedersachsen"]
[Site "Wismar"]
[Date "2009.10.03"]
[Round "6.7"]
[White "Koop, Thorben"]
[Black "Wolff, Christopher"]
[Result "0-1"]
[WhiteElo "1821"]
[BlackElo "1808"]
[PlyCount "56"]
[EventDate "2009.??.??"]

1. Nf3 d5 2. d4 Nf6 3. g3 e6 4. Bg2 Be7 5. O-O O-O 6. c4 dxc4 7. Nbd2 b5 8. a4
c6 9. Ne5 Nd5 10. axb5 cxb5 11. e4 Nf6 12. d5 exd5 13. exd5 Bb7 14. Nc6 Bxc6
15. dxc6 Qc7 16. Ne4 Rd8 17. Nxf6+ Bxf6 18. Qh5 Be5 19. f4 Bd4+ 20. Kh1 a6 21.
Qf3 a5 22. f5 Ra6 23. Bf4 Qxc6 24. Qg4 Qc8 25. Bxb8 Qxb8 26. Rab1 Bf6 27. Qh5
h6 28. h4 Qxg3 0-1

[Event "Nordrhein-Westfalen-Niedersachsen"]
[Site "Wismar"]
[Date "2009.10.03"]
[Round "6.8"]
[White "Bork, Sophie"]
[Black "Diederichs, Luise"]
[Result "0-1"]
[WhiteElo "1181"]
[BlackElo "1521"]
[PlyCount "146"]
[EventDate "2009.??.??"]

1. e4 e6 2. d4 d5 3. Nd2 dxe4 4. Nxe4 Nd7 5. Nf3 Ngf6 6. Nxf6+ Nxf6 7. c3 c5 8.
Ne5 cxd4 9. cxd4 Bb4+ 10. Bd2 Bxd2+ 11. Qxd2 O-O 12. Bd3 Kh8 13. Be2 b6 14. Bf3
Nd5 15. O-O Bb7 16. Rac1 Qd6 17. Rfe1 Rac8 18. Rxc8 Bxc8 19. Re4 f6 20. Nc4 Qb4
21. Qd3 Ba6 22. b3 Rc8 23. Qe2 Bxc4 24. bxc4 Rxc4 25. g3 Nc7 26. Qe3 Qd6 27.
Bh5 Qc6 28. Bf3 Qd6 29. Bh5 Qe7 30. Bg4 e5 31. dxe5 Rxe4 32. Qxe4 Qxe5 33. Qd3
Qd5 34. Qa3 Nb5 35. Qe7 Qa8 36. Bf3 Qb8 37. Be2 Nd4 38. Bd3 Nf3+ 39. Kg2 Ne5
40. Be4 a5 41. Qe6 Qd8 42. Qf5 g6 43. Qe6 Kg7 44. Bd5 b5 45. f4 Ng4 46. Qf7+
Kh6 47. Kh3 Nf2+ 48. Kg2 Nd1 49. Kf3 Nc3 50. Be6 Qd3+ 51. Kg2 Qe2+ 52. Kh3 Qf1+
53. Kg4 f5+ 54. Bxf5 gxf5+ 55. Kxf5 Qd3+ 56. Kg4 Qg6+ 57. Qxg6+ hxg6 58. f5 Nd5
59. fxg6 Kxg6 60. Kf3 a4 61. Ke4 Nc3+ 62. Kd4 Nxa2 63. Kd3 Nc1+ 64. Kc2 Ne2 65.
Kb2 Kg5 66. Ka3 Kg4 67. h4 Nxg3 68. h5 Nxh5 69. Kb4 Kf4 70. Ka3 Ke3 71. Kb4 Kd3
72. Ka3 Kc2 73. Kb4 Kb2 0-1

[Event "Hamburg-Hessen"]
[Site "Wismar"]
[Date "2009.10.03"]
[Round "6.1"]
[White "Hoegy, Kevin"]
[Black "Bracker, Arne"]
[Result "1/2-1/2"]
[WhiteElo "2145"]
[BlackElo "2219"]
[PlyCount "34"]
[EventDate "2009.??.??"]

1. d4 Nf6 2. c4 g6 3. Nc3 Bg7 4. e4 d6 5. Be2 O-O 6. Nf3 e5 7. O-O Na6 8. Be3
Ng4 9. Bg5 Qe8 10. Re1 f6 11. Bh4 c6 12. c5 exd4 13. Bxa6 dxc3 14. Bc4+ Be6 15.
Bxe6+ Qxe6 16. Qxd6 Qf7 17. bxc3 h5 1/2-1/2

[Event "Hamburg-Hessen"]
[Site "Wismar"]
[Date "2009.10.03"]
[Round "6.2"]
[White "Lampert, Jonas"]
[Black "Rafiee, Makan"]
[Result "1/2-1/2"]
[WhiteElo "2111"]
[BlackElo "2136"]
[PlyCount "52"]
[EventDate "2009.??.??"]

1. e4 c5 2. Nf3 d6 3. d4 cxd4 4. Nxd4 Nf6 5. Nc3 a6 6. Bg5 e6 7. f4 Qb6 8. Qd2
Qxb2 9. Rb1 Qa3 10. e5 h6 11. Bh4 dxe5 12. fxe5 Nfd7 13. Ne4 Qxa2 14. Rd1 Qd5
15. Qe3 Qxe5 16. Be2 Bc5 17. Bg3 Bxd4 18. Rxd4 Qa5+ 19. Rd2 O-O 20. Bd6 Nc6 21.
O-O f5 22. Bxf8 Nxf8 23. Nd6 Ne5 24. Rfd1 Rb8 25. Qb3 Qc5+ 26. Kh1 Kh7 1/2-1/2

[Event "Hamburg-Hessen"]
[Site "Wismar"]
[Date "2009.10.03"]
[Round "6.3"]
[White "Aslan, Benjamin"]
[Black "Mueller, Tobias"]
[Result "0-1"]
[WhiteElo "2040"]
[BlackElo "2022"]
[PlyCount "86"]
[EventDate "2009.??.??"]

1. d4 d5 2. c4 e6 3. Nf3 Nf6 4. g3 Be7 5. Bg2 O-O 6. O-O b6 7. cxd5 exd5 8. Nc3
Bb7 9. Bf4 c5 10. Rc1 Nc6 11. dxc5 bxc5 12. Ne5 Nd4 13. b3 Ne6 14. Nd3 Rc8 15.
Na4 Ba6 16. Be5 c4 17. Bxf6 cxd3 18. Bxe7 dxe2 19. Bxd8 exd1=Q 20. Rfxd1 Rxc1
21. Rxc1 Rxd8 22. Bf1 Rc8 23. Rxc8+ Bxc8 24. Bg2 d4 25. Kf1 Kf8 26. Ke2 Ke7 27.
b4 Ba6+ 28. Kd2 Kd6 29. Nb2 Nc7 30. Nd3 Nd5 31. a4 Bc8 32. b5 Nc3 33. Nb2 Bf5
34. Bc6 Kc5 35. h4 a6 36. Be8 axb5 37. axb5 Ne4+ 38. Ke2 Nd6 39. Na4+ Kb4 40.
b6 d3+ 41. Kd1 Be4 42. Bd7 Nc4 43. Bb5 Bf3+ 0-1

[Event "Hamburg-Hessen"]
[Site "Wismar"]
[Date "2009.10.03"]
[Round "6.4"]
[White "Ludwig, Jan"]
[Black "Goebel, Constantin"]
[Result "1/2-1/2"]
[WhiteElo "1979"]
[BlackElo "2009"]
[PlyCount "44"]
[EventDate "2009.??.??"]

1. e4 e6 2. d4 d5 3. e5 c5 4. c3 Nc6 5. Nf3 Qb6 6. a3 Bd7 7. b4 cxd4 8. cxd4
Rc8 9. Be3 Nh6 10. Bd3 Nf5 11. O-O Be7 12. Nbd2 Nd8 13. Qe2 Rc3 14. Rfc1 Rxc1+
15. Rxc1 a5 16. b5 Bxa3 17. Ra1 Bb4 18. Nb3 Qc7 19. Nc5 Nxe3 20. Qxe3 Qb6 21.
Na4 Qc7 22. Nc5 Qb6 1/2-1/2

[Event "Hamburg-Hessen"]
[Site "Wismar"]
[Date "2009.10.03"]
[Round "6.5"]
[White "Breitwieser, Jasmin"]
[Black "Stanau, Guido"]
[Result "0-1"]
[WhiteElo "1866"]
[BlackElo "1763"]
[PlyCount "64"]
[EventDate "2009.??.??"]

1. e4 c5 2. Nf3 d6 3. d4 cxd4 4. Nxd4 Nf6 5. Nc3 g6 6. Be3 Bg7 7. f3 O-O 8. Qd2
Nc6 9. O-O-O d5 10. exd5 Nxd5 11. Nxc6 bxc6 12. Bd4 e5 13. Bc5 Be6 14. Bxf8
Qxf8 15. Kb1 Rb8 16. Nxd5 cxd5 17. Qa5 e4 18. b3 Rc8 19. fxe4 Bc3 20. Qa4 Rc7
21. exd5 Bd7 22. Qf4 Qa3 23. Qc1 Qa5 24. Bd3 Qb6 25. h4 Bg7 26. Be4 Qf6 27. c3
Rxc3 28. Qd2 Rc2 29. Kxc2 Qb2+ 30. Kd3 Bb5+ 31. Ke3 Bh6+ 32. Kf3 Bxd2 0-1

[Event "Hamburg-Hessen"]
[Site "Wismar"]
[Date "2009.10.03"]
[Round "6.7"]
[White "Bluhm, Sonja Maria"]
[Black "Lemke, Berfín"]
[Result "1-0"]
[WhiteElo "1723"]
[BlackElo "1393"]
[PlyCount "83"]
[EventDate "2009.??.??"]

1. e4 e5 2. Nf3 Nc6 3. Bc4 Nf6 4. d3 d5 5. exd5 Nxd5 6. h3 Bc5 7. O-O O-O 8. a3
a6 9. Re1 Re8 10. Ng5 f6 11. Qh5 fxg5 12. Bxg5 g6 13. Bxd8 gxh5 14. Bxd5+ Be6
15. Bxc6 Rexd8 16. Bf3 Bd6 17. Bxh5 Rf8 18. Nc3 Rf4 19. Re4 Rf6 20. Re2 Rh6 21.
Bf3 Rg6 22. Bd5 Bxd5 23. Nxd5 c6 24. Nb6 Rf8 25. Nc4 Rf5 26. Nxd6 Rxd6 27. Rae1
Re6 28. d4 e4 29. Rxe4 Ref6 30. f3 Rd5 31. c3 Rd7 32. Kf2 Kf7 33. f4 Kg6 34.
Kf3 Rdf7 35. g4 h6 36. h4 h5 37. Re6 hxg4+ 38. Kxg4 Rg7 39. f5+ Kf7+ 40. Kf4
Rh7 41. Re7+ Kg8 42. Rg1+ 1-0

[Event "Rheinland-Pfalz-Wuerttemberg"]
[Site "Wismar"]
[Date "2009.10.03"]
[Round "6.1"]
[White "FM Strunski, Andreas"]
[Black "Gruenter, Martin"]
[Result "1-0"]
[WhiteElo "2394"]
[BlackElo "2151"]
[PlyCount "77"]
[EventDate "2009.??.??"]

1. d4 Nf6 2. c4 e6 3. Nc3 Bb4 4. Qc2 c5 5. dxc5 Bxc5 6. Nf3 Qb6 7. e3 Qc7 8. b3
b6 9. Bb2 a6 10. Bd3 Bb7 11. O-O Be7 12. e4 d6 13. Nd2 Nbd7 14. Rae1 O-O 15.
Qb1 Rac8 16. h3 h6 17. Qd1 Qb8 18. f4 Ba8 19. Qe2 Rfd8 20. Bb1 Bf8 21. Kh1 Bc6
22. Rf2 b5 23. e5 Ne8 24. cxb5 axb5 25. Nce4 d5 26. Ng3 Bc5 27. Rf3 b4 28. Bd3
g6 29. f5 Nf8 30. fxg6 fxg6 31. Ref1 Rc7 32. Bd4 Be7 33. Be3 g5 34. Rf7 Ng7 35.
Nh5 Nf5 36. Bxf5 Kxf7 37. Bxe6+ Kxe6 38. Ng7+ Kxe5 39. Bc5# 1-0

[Event "Rheinland-Pfalz-Wuerttemberg"]
[Site "Wismar"]
[Date "2009.10.03"]
[Round "6.2"]
[White "Hastrich, Julian"]
[Black "Pogan, Nikolas"]
[Result "0-1"]
[WhiteElo "2153"]
[BlackElo "2069"]
[PlyCount "114"]
[EventDate "2009.??.??"]

1. e4 c6 2. d4 d5 3. e5 Bf5 4. g4 Be4 5. f3 Bg6 6. h4 h5 7. e6 Qd6 8. exf7+
Bxf7 9. Ne2 Nd7 10. g5 e5 11. Bh3 Be6 12. Nbc3 Bxh3 13. Rxh3 Ne7 14. dxe5 Qxe5
15. f4 Qf5 16. Qd3 Qxd3 17. Rxd3 Nf5 18. Rh3 Bd6 19. Bd2 O-O 20. O-O-O Rae8 21.
Re1 Nc5 22. Nd1 Ne4 23. Ne3 g6 24. Nxf5 Rxf5 25. Rf3 Rff8 26. Be3 a6 27. c3 Rf7
28. Nd4 Bc5 29. Nc2 Ref8 30. Ref1 Bd6 31. Nd4 c5 32. Ne2 Rf5 33. Kc2 Kf7 34. a3
Ke7 35. b4 b6 36. bxc5 bxc5 37. Rb1 Rb8 38. Rbf1 Kd7 39. Bc1 Bc7 40. Kd3 Rb3
41. Kc2 Rb8 42. Re3 Rbf8 43. Ref3 R5f7 44. Kd3 Nd6 45. Be3 Kc6 46. Bd2 Nf5 47.
Be1 Rb8 48. Nc1 Rb2 49. c4 Nd4 50. R3f2 Rxf2 51. cxd5+ Kxd5 52. Rxf2 Rxf4 53.
Rxf4 Bxf4 54. Na2 c4+ 55. Kc3 Ne2+ 56. Kb4 Bd6+ 57. Ka4 Kd4 0-1

[Event "Rheinland-Pfalz-Wuerttemberg"]
[Site "Wismar"]
[Date "2009.10.03"]
[Round "6.3"]
[White "Erben, Larissa"]
[Black "Stahnecker, Ludwig"]
[Result "1/2-1/2"]
[WhiteElo "2035"]
[BlackElo "1951"]
[PlyCount "221"]
[EventDate "2009.??.??"]

1. e4 c5 2. Nf3 e6 3. d4 cxd4 4. Nxd4 a6 5. Nc3 Qc7 6. Bd3 Nc6 7. Be3 Nf6 8.
O-O Be7 9. Kh1 O-O 10. f4 d6 11. Qf3 Nxd4 12. Bxd4 e5 13. Be3 b5 14. a3 Bb7 15.
g4 Nd7 16. Nd5 Bxd5 17. exd5 exf4 18. Qxf4 Ne5 19. Be4 a5 20. a4 Qd7 21. Bd4
bxa4 22. Bxe5 dxe5 23. Qxe5 Bd6 24. Qd4 g6 25. Bd3 Qc7 26. Qf2 Qb7 27. c4 Qb3
28. Qc2 Rab8 29. Rfb1 Be5 30. Rxa4 Rfc8 31. Qxb3 Rxb3 32. Bc2 Rh3 33. Kg1 Rxh2
34. Bd3 Rd2 35. Bf1 Bxb2 36. Rxa5 Bd4+ 37. Kh1 h5 38. gxh5 Re8 39. Ra3 Re5 40.
Rh3 Rg5 41. Bd3 Rxh5 42. Rxh5 gxh5 43. Bf5 Be5 44. Re1 f6 45. c5 Kf8 46. Be6
Ke7 47. Rb1 Rb2 48. Rd1 Rc2 49. c6 Kd6 50. Rd3 Rc3 51. Rd2 Ra3 52. Rc2 Kc7 53.
Rc4 Bg3 54. Rb4 Ra7 55. Kg2 h4 56. Kh3 Kd6 57. Kg4 Rc7 58. Rb8 Kc5 59. Rf8 Rg7+
60. Kh3 Be5 61. Kxh4 Bg3+ 62. Kh5 Be5 63. Kh6 Re7 64. Kg6 Rc7 65. Kf5 Re7 66.
Bg8 Bc3 67. Rc8 Be5 68. Rd8 Bc7 69. Ra8 Be5 70. Be6 Rc7 71. Ke4 Rh7 72. Kd3 Rc7
73. Ra2 Re7 74. Rc2+ Kb5 75. Bd7 Kb6 76. Kc4 Rh7 77. Rc1 Rh4+ 78. Kb3 Rf4 79.
Be6 Rf3+ 80. Kc4 Rf4+ 81. Kd3 Rd4+ 82. Ke2 Re4+ 83. Kf3 Rf4+ 84. Ke3 Rb4 85.
Rh1 Rc4 86. Rb1+ Ka5 87. Rb7 Ka6 88. Kd3 Rd4+ 89. Kc2 Rc4+ 90. Kb3 Rc3+ 91. Ka2
Rc1 92. Rd7 Kb6 93. Kb3 Rc3+ 94. Kb4 Rc1 95. Bf5 Rc3 96. Rb7+ Ka6 97. Bc8 Rc1
98. Rb5+ Ka7 99. Bf5 Bd6+ 100. Kb3 Be5 101. Bc2 Rg1 102. Rb7+ Ka8 103. Kc4 Rc1
104. Kd3 Ra1 105. Rd7 Ra6 106. Ke4 Kb8 107. Kf5 Kc8 108. Ke6 Ra2 109. Be4 Re2
110. Bf5 Bc3+ 111. Kf7 1/2-1/2

[Event "Rheinland-Pfalz-Wuerttemberg"]
[Site "Wismar"]
[Date "2009.10.03"]
[Round "6.4"]
[White "Remy, Janina"]
[Black "Schaefer, Alexander"]
[Result "0-1"]
[WhiteElo "2004"]
[BlackElo "2073"]
[PlyCount "86"]
[EventDate "2009.??.??"]

1. e4 c5 2. Nc3 Nc6 3. Bb5 Nd4 4. a4 g6 5. Nf3 Bg7 6. O-O a6 7. Bc4 d6 8. Nxd4
cxd4 9. Ne2 Nf6 10. d3 d5 11. exd5 Nxd5 12. Ng3 O-O 13. Qf3 Nc7 14. Re1 Ne6 15.
Ne4 Qc7 16. Ng5 Qa5 17. b4 Nxg5 18. bxa5 Nxf3+ 19. gxf3 e6 20. Ba3 Rd8 21. Be7
Re8 22. Bc5 Bd7 23. Bb6 Bc6 24. Kg2 Bf6 25. Bb3 Kg7 26. Kg3 Kh6 27. Kg4 g5 28.
Rg1 Kg6 29. Kg3 Kf5 30. Rae1 Be5+ 31. Kg2 g4 32. c3 Bxf3+ 33. Kf1 dxc3 34. d4
Bxh2 35. Bc2+ Kg5 36. Re3 Bxg1 37. Kxg1 Rac8 38. Kf1 h5 39. Bc5 e5 40. Rxc3
exd4 41. Bxd4 Rxc3 42. Bxc3 f5 43. Bb3 h4 0-1

[Event "Rheinland-Pfalz-Wuerttemberg"]
[Site "Wismar"]
[Date "2009.10.03"]
[Round "6.5"]
[White "Xu, Xianliang"]
[Black "Yankelevich, Lev"]
[Result "1-0"]
[WhiteElo "1961"]
[BlackElo "1943"]
[PlyCount "39"]
[EventDate "2009.??.??"]
[WhiteTeam "Württemberg"]
[BlackTeam "Rheinland-Pfalz"]

1. e4 d5 2. exd5 Qxd5 3. Nc3 Qe5+ 4. Be2 c6 5. Nf3 Qc7 6. d4 Bf5 7. d5 Nf6 8.
dxc6 bxc6 9. O-O e6 10. Nd4 Bg6 11. Bc4 Nd5 12. Re1 Be7 13. Nxd5 exd5 14. Bg5
f6 15. Ne6 Qd7 16. Bf4 Kf7 17. Nc7 Bd6 18. Bxd5+ cxd5 19. Qxd5+ Kf8 20. Bxd6+
1-0

[Event "Rheinland-Pfalz-Wuerttemberg"]
[Site "Wismar"]
[Date "2009.10.03"]
[Round "6.6"]
[White "Zimmer, Ketsarin"]
[Black "Stitterich, Nadine"]
[Result "0-1"]
[WhiteElo "1774"]
[BlackElo "1941"]
[PlyCount "56"]
[EventDate "2009.??.??"]
[WhiteTeam "Rheinland-Pfalz"]
[BlackTeam "Württemberg"]

1. e4 e5 2. Nc3 Nc6 3. Bc4 Bc5 4. d3 d6 5. a3 Be6 6. Bxe6 fxe6 7. Nf3 Nf6 8.
Be3 Bb6 9. h3 O-O 10. Qd2 d5 11. exd5 exd5 12. Bg5 Qd6 13. O-O Nh5 14. Qd1 Qg6
15. Nxd5 Rxf3 16. Qxf3 Qxg5 17. Nxb6 axb6 18. g3 Rf8 19. Qd5+ Kh8 20. Qg2 Qd2
21. f3 Qe3+ 22. Kh1 Qd4 23. b3 Qd6 24. a4 h6 25. Rae1 e4 26. Kh2 exd3 27. Rd1
Nb4 28. c3 Nc2 0-1

[Event "Rheinland-Pfalz-Wuerttemberg"]
[Site "Wismar"]
[Date "2009.10.03"]
[Round "6.7"]
[White "Kaulich, Philipp Theodor"]
[Black "Bohrmann, Sandra"]
[Result "1-0"]
[WhiteElo "1902"]
[BlackElo "1579"]
[PlyCount "37"]
[EventDate "2009.??.??"]
[WhiteTeam "Württemberg"]
[BlackTeam "Rheinland-Pfalz"]

1. e4 e5 2. f4 exf4 3. Nf3 g5 4. Bc4 Nc6 5. O-O Bg7 6. d4 Qf6 7. e5 Qe7 8. Nc3
Qd8 9. g3 Nge7 10. Nxg5 O-O 11. Qh5 h6 12. Nxf7 Rxf7 13. Bxf7+ Kh8 14. Bxf4 Ng8
15. Bxg8 Kxg8 16. Bxh6 Bxh6 17. Qxh6 Qe7 18. Qg6+ Kh8 19. Rf7 1-0

[Event "Rheinland-Pfalz-Wuerttemberg"]
[Site "Wismar"]
[Date "2009.10.03"]
[Round "6.8"]
[White "Schwarz, Larissa"]
[Black "Weber, Sandra"]
[Result "1/2-1/2"]
[WhiteElo "1391"]
[BlackElo "1334"]
[PlyCount "60"]
[EventDate "2009.??.??"]
[WhiteTeam "Rheinland-Pfalz"]
[BlackTeam "Württemberg"]

1. e4 e5 2. Nf3 Nf6 3. d4 Nxe4 4. Qe2 d5 5. Nxe5 Be7 6. Qf3 Be6 7. Bd3 Nd6 8.
Nc3 c6 9. Qg3 Bf6 10. Bf4 Nf5 11. Bxf5 Bxf5 12. O-O O-O 13. Rfc1 Nd7 14. Na4
Qa5 15. Nxd7 Bxd7 16. Nc5 Be6 17. c3 Qb6 18. b4 Bc8 19. a4 Qd8 20. Re1 Bh4 21.
Qe3 b6 22. Nb3 Be6 23. Nd2 h6 24. Nf3 Bf6 25. Ne5 Bxe5 26. Bxe5 Qh4 27. Qg3
Qxg3 28. Bxg3 Rfe8 29. a5 b5 30. a6 Rad8 1/2-1/2

[Event "Saarland-Mecklenburg-Vorpommern 1"]
[Site "Wismar"]
[Date "2009.10.03"]
[Round "6.1"]
[White "Kesten, Sebastian"]
[Black "Wild, Achim"]
[Result "1-0"]
[WhiteElo "2148"]
[BlackElo "2033"]
[PlyCount "65"]
[EventDate "2009.??.??"]
[WhiteTeam "Mecklenburg-Vorpommern 1"]
[BlackTeam "Saarland"]

1. d4 d5 2. c4 c6 3. cxd5 cxd5 4. Nc3 Nc6 5. e4 e6 6. exd5 exd5 7. Nf3 Be6 8.
Bd3 Nf6 9. O-O Be7 10. Be3 O-O 11. h3 Nd7 12. Na4 Rc8 13. Rc1 Bf6 14. Qe2 a6
15. Nc5 Nxc5 16. Rxc5 Be7 17. Rc3 b5 18. Bxh7+ Kxh7 19. Qc2+ g6 20. Rxc6 Qd7
21. Rxc8 Rxc8 22. Qe2 Bxh3 23. Ne5 Qf5 24. gxh3 f6 25. Nd3 Qxh3 26. Nf4 Qf5 27.
Qf3 g5 28. Qh3+ Qxh3 29. Nxh3 Kg6 30. Rc1 Rh8 31. Kg2 f5 32. Rc6+ Kh5 33. f3
1-0

[Event "Saarland-Mecklenburg-Vorpommern 1"]
[Site "Wismar"]
[Date "2009.10.03"]
[Round "6.2"]
[White "Mueller, Denis"]
[Black "Kugler, Florian"]
[Result "0-1"]
[WhiteElo "1922"]
[BlackElo "2085"]
[PlyCount "76"]
[EventDate "2009.??.??"]
[WhiteTeam "Saarland"]
[BlackTeam "Mecklenburg-Vorpommern 1"]

1. e4 e6 2. d4 d5 3. exd5 exd5 4. c4 c6 5. Nc3 Nf6 6. Nf3 Be7 7. Bd3 Be6 8.
cxd5 Nxd5 9. O-O Nd7 10. Re1 O-O 11. a3 Re8 12. Bc2 Rc8 13. Ne4 h6 14. Ng3 Qc7
15. Nf5 Bf8 16. Be3 Rcd8 17. Qd3 N7f6 18. Rad1 Bxf5 19. Qxf5 Bd6 20. g3 Re7 21.
Bc1 Rde8 22. Rxe7 Rxe7 23. Re1 Rxe1+ 24. Nxe1 b5 25. Nd3 a5 26. Kg2 c5 27. dxc5
Bxc5 28. Nxc5 Qxc5 29. Bd2 b4 30. axb4 axb4 31. h4 Qc6 32. f3 Kf8 33. Bd3 Qc5
34. Qe5 Nd7 35. Qe4 N7b6 36. b3 Nc3 37. Qe3 Qd6 38. Bb5 Nxb5 0-1

[Event "Saarland-Mecklenburg-Vorpommern 1"]
[Site "Wismar"]
[Date "2009.10.03"]
[Round "6.3"]
[White "Voelsgen, Georg"]
[Black "Grewenig, Jan"]
[Result "1-0"]
[WhiteElo "1987"]
[BlackElo "1881"]
[PlyCount "65"]
[EventDate "2009.??.??"]
[WhiteTeam "Mecklenburg-Vorpommern 1"]
[BlackTeam "Saarland"]

1. e4 c5 2. Nc3 d6 3. f4 Nc6 4. Nf3 e6 5. d3 Nge7 6. Qe2 g6 7. g3 Bg7 8. Bg2
Rb8 9. O-O O-O 10. h4 b5 11. h5 b4 12. Nd1 d5 13. e5 Nf5 14. Qf2 gxh5 15. Ne3
Nce7 16. Bh3 Nxe3 17. Qxe3 d4 18. Qe2 Bb7 19. Rf2 Nf5 20. Bxf5 exf5 21. Nh4 Qd5
22. Rh2 Bc8 23. Qxh5 Rb6 24. Nxf5 Bxf5 25. Qxf5 Rg6 26. Qh3 h5 27. Qg2 Qe6 28.
Rxh5 f6 29. f5 Qxe5 30. Bf4 Qxf4 31. gxf4 Rxg2+ 32. Kxg2 Re8 33. Kf2 1-0

[Event "Saarland-Mecklenburg-Vorpommern 1"]
[Site "Wismar"]
[Date "2009.10.03"]
[Round "6.4"]
[White "Frischmann, Rick"]
[Black "Stoevesand, Peter"]
[Result "1-0"]
[WhiteElo "1846"]
[BlackElo "1624"]
[PlyCount "61"]
[EventDate "2009.??.??"]
[WhiteTeam "Saarland"]
[BlackTeam "Mecklenburg-Vorpommern 1"]

1. e4 e5 2. f4 exf4 3. Nf3 d6 4. Bc4 Be7 5. d4 Nf6 6. Nc3 O-O 7. Bxf4 Nc6 8.
O-O Bg4 9. Be2 Re8 10. d5 Nb8 11. Nd4 Bxe2 12. Qxe2 Nbd7 13. Rae1 Ne5 14. Nf5
Bf8 15. Qf2 Ng6 16. Bg5 Qd7 17. Bxf6 gxf6 18. Re3 Ne7 19. Nd4 Bg7 20. Rg3 Ng6
21. Nf5 Bh8 22. h4 b5 23. h5 b4 24. hxg6 fxg6 25. Ne2 Rxe4 26. Ned4 Kf7 27.
Nh6+ Ke8 28. Re1 Rxe1+ 29. Qxe1+ Kd8 30. Nc6+ Kc8 31. Qxb4 1-0